Komu hrozia sankcie podľa zákona o ochrane osobných údajov v informačných systémoch

Bibliographic Details
Main Author: Moravčíková, Andrea, 1974- (Author)
Format: Article
Language:Slovak
ISSN:1335-2539
Subjects:

MARC

LEADER 00000nab a2200000 a 4500
001 vtls000727839
003 SK-MaSNL
005 20260304110631.0
008 250429c2000 xo 0 slo
015 |a SNBRB2000/07-18053 
035 |a CLN000079990 
035 |a urn:nbn:sk:snk-ab9r20 
035 |a (urnnbn)urn:nbn:sk:snk:ar-a08pkn 
035 |a (uuid)50817356-1092-4085-bcb3-2ad75e6dd4ca 
040 |a SNKBUCL  |b slo  |c SNKBUCL  |e AACR2 
041 0 |a slo 
044 |a xo  |c SK 
080 |a 342.7:347.18  |2 1997 
080 |a 347.18  |2 1997 
100 1 |a Moravčíková, Andrea,  |d 1974-  |4 aut  |9 48430 
245 1 0 |a Komu hrozia sankcie podľa zákona o ochrane osobných údajov v informačných systémoch  |c Andrea Moravčíková 
650 0 7 |a systémy informačné  |x údaje osobné  |x ochrana právna  |x sankcie  |2 snkbucl  |9 1409341 
650 0 7 |a údaje osobné  |x ochrana právna  |2 snkbucl  |9 840721 
655 7 |a články z novín a časopisov  |2 snkbucl  |9 267496 
773 0 |t Dane a právo v praxi  |g Roč. 5, č. 13 (2000), s. 17-19  |x 1335-2539 
850 |a Slovenská národná knižnica 
852 |a Slovenská národná knižnica 
954 |a odborná, vedecká literatúra pôvodná (slovenská)  |2 lita 
958 |a article13 
958 |a OND 
958 |a EUIPO 
992 |a RBX 
999 |c 2860849  |d 2862779